The elements of polymer science and engineering / (Record no. 81488)
[ view plain ]
| 000 -LEADER | |
|---|---|
| fixed length control field | 01028nam a2200313 a 4500 |
| 001 - CONTROL NUMBER | |
| control field | 81488 |
| 003 - CONTROL NUMBER IDENTIFIER | |
| rucl marc code | BD-RjUL |
| 005 - DATE AND TIME OF LATEST TRANSACTION | |
| control field | 20230530155031.0 |
| 008 - FIXED-LENGTH DATA ELEMENTS--GENERAL INFORMATION | |
| fixed length control field | 230530s2013 caua b 001 0 eng |
| 020 ## - INTERNATIONAL STANDARD BOOK NUMBER | |
| International Standard Book Number | 9780123821782 (hbk) |
| 035 ## - SYSTEM CONTROL NUMBER | |
| System control number | (BD-RjUL)81488 |
| 040 ## - CATALOGING SOURCE | |
| Original cataloging agency | DLC |
| Language of cataloging | eng |
| Transcribing agency | DLC |
| Description conventions | rda |
| Modifying agency | BD-RjUL |
| 041 ## - LANGUAGE CODE | |
| Language code of text/sound track or separate title | eng |
| 082 ## - DEWEY DECIMAL CLASSIFICATION NUMBER | |
| Edition number | 23 |
| Classification number | 547.7 |
| Author mark and year | RUP 2013 |
| 100 1# - MAIN ENTRY--PERSONAL NAME | |
| Personal name | Rudin, Alfred. |
| 9 (RLIN) | 7764 |
| 245 14 - TITLE STATEMENT | |
| Title | The elements of polymer science and engineering / |
| Statement of responsibility, etc. | Alfred Rudin, Phillip Choi. |
| 250 ## - EDITION STATEMENT | |
| Edition statement | Third edition / |
| Remainder of edition statement | Alfred Rudin, University of Waterloo, Phillip Choi, University of Alberta. |
| 264 #1 - PRODUCTION, PUBLICATION, DISTRIBUTION, MANUFACTURE, AND COPYRIGHT NOTICE | |
| Place of production, publication, distribution, manufacture | San Diego : |
| Name of producer, publisher, distributor, manufacturer | Elsevier/AP, |
| Date of production, publication, distribution, manufacture, or copyright notice | [2013] |
| 300 ## - PHYSICAL DESCRIPTION | |
| Pagination | xx, 563 pages : |
| Illustrations | illustrations ; |
| Size | 24 cm |
| 336 ## - CONTENT TYPE | |
| Content type term | text |
| Content type code | txt |
| Source | rdacontent |
| 337 ## - MEDIA TYPE | |
| Media type term | unmediated |
| Media type code | n |
| Source | rdamedia |
| 338 ## - CARRIER TYPE | |
| Carrier type term | volume |
| Carrier type code | nc |
| Source | rdacarrier |
| 504 ## - BIBLIOGRAPHY, ETC. NOTE | |
| Bibliography, etc | Includes bibliographical references and index. |
| 650 #0 - SUBJECT ADDED ENTRY--TOPICAL TERM | |
| Topical term or geographic name as entry element | Polymers. |
| 9 (RLIN) | 7765 |
| Topical term or geographic name as entry element | Polymerization. |
| 9 (RLIN) | 7766 |
| 700 1# - ADDED ENTRY--PERSONAL NAME | |
| Personal name | Choi, Phillip. |
| 942 ## - ADDED ENTRY ELEMENTS (KOHA) | |
| Source of classification or shelving scheme | Dewey Decimal Classification |
| Koha item type | Books |
| Lost status | Source of classification or shelving scheme | Damaged status | Not for loan | Collection code | Permanent Location | Current Location | Shelving location | Date acquired | Source of acquisition | Cost, normal purchase price | Total Checkouts | Full call number | Date last seen | Copy number | Koha item type |
|---|---|---|---|---|---|---|---|---|---|---|---|---|---|---|---|
| Dewey Decimal Classification | Not For Loan | Non-fiction | Central Library, University of Rajshahi | Central Library, University of Rajshahi | Reading Room | 18/05/2023 | Dhaka : BM Book | 9070.00 | 547.7 RUP 2013 | 30/05/2023 | C-1 | Books | |||
| Dewey Decimal Classification | Non-fiction | Central Library, University of Rajshahi | Central Library, University of Rajshahi | General Stacks | 18/05/2023 | Dhaka : BM Book | 9070.00 | 547.7 RUP 2013 | 30/05/2023 | C-2 | Books |